[Event "5th IECC"]
[Site "Antalya TUR"]
[Date "2004.05.25"]
[Round "10"]
[White "Esen,B"]
[Black "Mamedjarova,T"]
[Result "1-0"]
[WhiteElo "2262"]
[BlackElo "2191"]

1.Nf3 d5 2.e3 Nf6 3.c4 e6 4.Nc3 c6 5.d4 Bd6 6.Bd3 O-O 7.Ne5 Nbd7 8.f4 dxc4
9.Bxc4 Nd5 10.O-O f5 11.Bd2 Nxe5 12.fxe5 Bc7 13.Rc1 Bb6 14.Na4 Bd7 15.b4 f4
16.Qb3 fxe3 17.Bxe3 Qh4 18.Nc5 Bxc5 19.bxc5 b5 20.cxb6 axb6 21.Bxd5 exd5
22.Qxb6 Qe4 23.Rxf8+ Rxf8 24.Qb3 Bh3 25.Rc2 Qg4 26.Rd2 Qg6 27.a4 Be6 28.Rf2 Rc8
29.Qa3 c5 30.dxc5 Qe4 31.c6 Qxe5 32.Qc5 Qa1+ 33.Rf1 Qxa4 34.Bd4 h6 35.Rc1 Rxc6
36.Qxc6 Qxd4+ 37.Kh1 Bf5 38.Qc3 Qf4 39.Qc7 Qg5 40.Rc3 Be4 41.Rg3 Qf6 42.h3 Kh7
43.Kh2 Kh8 44.Ra3 Qb2 45.Qg3 Kh7 46.Ra8 Qc2 47.Rb8 Qc6 48.Rf8 Qc2 49.Rf2 Qc5
50.Rf7 Qd4 51.Rf8 Qb2 52.Rb8 Qa1 53.Rc8 Qb2 54.Rc7 Qf6 55.Ra7 Qb2 56.Ra8 Qc2
57.Rb8 Qd2 58.Rb7 Qd4 59.Qf4 Qd3 60.Rb8 Qc2 61.Qg3 Qc6 62.Rd8 Qc2 63.Rd7 Qb2
64.Re7 Kh8 65.Ra7 Kh7 66.Rf7 Qd4 67.Rf2 Qc5 68.Qf4 Qc3 69.Qb8 Qd3 70.Rf8 Qc3
71.Rh8+ Kg6 72.Qe8+ Kg5 73.Qe7+ Qf6 74.Qxf6+ Kxf6 75.Kg3 Ke5 76.Rg8 g6 77.Kf2 h5
78.g3 Kd4 79.Ra8 Kd3 80.Ra3+ Kd4 81.Ke2 Ke5 82.Ra4 Bg2 83.h4 Be4 84.Ke3 Kf5
85.Ra7 Kg4 86.Kf2 Kf5 87.Re7 Kf6 88.Re8 Kf5 89.Rf8+ Ke5 90.Ke3 d4+ 91.Ke2 Bf5
92.Rg8 Kd5 93.Kf3 Bg4+ 94.Kf4 Kc4 95.Rd8 Kc3 96.Rd6 Bf5 97.Rd5 Kc4 98.Rd6 Kc3
99.Rd5 Kc4 100.Rd8 Kc3 101.Rd6 Kc4 102.Ke5 d3 103.Kf4 Kc3 104.Ke3 Kc2 105.Rd5 Kc3
106.Rc5+ Kb4 107.Rxf5 gxf5 108.Kxd3 Kc5 109.Ke3 Kd5 110.Kf4 Ke6 111.Kg5  1-0

[Event "XII Guillermo Garcia Prem I"]
[Site "Santa Clara CUB"]
[Date "2004.05.25"]
[Round "5"]
[White "Almeida,O"]
[Black "Otero,D"]
[Result "1-0"]
[WhiteElo "2426"]
[BlackElo "2399"]

1.d4 d5 2.Nf3 Nf6 3.c4 e6 4.Nc3 c6 5.e3 Nbd7 6.Qc2 Bd6 7.g4 Nxg4 8.Rg1 Nh6
9.e4 dxe4 10.Nxe4 Bb4+ 11.Bd2 Bxd2+ 12.Qxd2 Nf5 13.Bh3 Nf6 14.Nc3 O-O 15.Bxf5 exf5
16.O-O-O Re8 17.h3 Qd6 18.Qh6 g6 19.Ne5 Qf8 20.Qh4 Qg7 21.Kb1 Ne4 22.Ne2 f6
23.f3 fxe5 24.fxe4 fxe4 25.d5 cxd5 26.cxd5 Bd7 27.Ka1 e3 28.Rg3 Rac8 29.Rxe3 Rc2
30.Qe4 Bf5 31.Qa4 Qd7 32.Qb3 Rc5 33.Nc3 b6 34.a3 Kg7 35.h4 e4 36.Qb4 Qd6
37.Na4 Rec8 38.Nxc5 bxc5 39.Qc3+ Qf6 40.Qa5 Qb6 41.Qd2 Qd6 42.h5 gxh5 43.Rg1+ Kf6
44.Rxe4 Bxe4 45.Qg5+ Kf7 46.Rf1+  1-0

[Event "57th ch-RUS Qualifier"]
[Site "Tomsk RUS"]
[Date "2004.05.25"]
[Round "3"]
[White "Vorobiov,E"]
[Black "Galkin,A"]
[Result "1/2-1/2"]
[WhiteElo "2552"]
[BlackElo "2602"]

1.d4 d5 2.c4 e6 3.Nc3 c6 4.e3 Nf6 5.Nf3 Nbd7 6.Qc2 Bd6 7.g4 dxc4 8.Bxc4 e5
9.g5 Nd5 10.Bd2 O-O 11.Ne4 Bc7 12.Rg1 exd4 13.Nxd4 Ne5 14.Be2 Ng6 15.O-O-O Re8
16.a3 Bh3 17.Nc3 Nb6 18.Kb1 Qc8  1/2-1/2

[Event "2nd Leonine GM"]
[Site "Dhaka BAN"]
[Date "2004.05.26"]
[Round "9"]
[White "Ravi,L"]
[Black "Nguyen Anh Dung"]
[Result "0-1"]
[WhiteElo "2461"]
[BlackElo "2535"]

1.d4 d5 2.Nf3 Nf6 3.c4 c6 4.e3 e6 5.Nc3 Nbd7 6.Qc2 Bd6 7.g4 dxc4 8.Bxc4 O-O
9.e4 e5 10.g5 Nh5 11.Be3 exd4 12.Nxd4 Bf4 13.Rg1 g6 14.O-O-O Bxe3+ 15.fxe3 Qe7
16.Qf2 Ne5 17.Be2 Ng7 18.h4 b5 19.h5 b4 20.Nxc6 Qc5 21.Nxb4 Qxb4 22.Nd5 Qc5+
23.Kb1 Be6 24.h6 Nf5 25.Nf6+ Kh8 26.exf5 Rab8 27.Bf1 gxf5 28.Bg2 Qa3 29.Bd5 Nd3
30.Rxd3 Qxd3+ 31.Ka1 Bxd5 32.e4 Bxe4 33.g6 hxg6 34.Qc5 Qb5 35.Qc3 Rfc8 36.Qd4 Qb6  0-1

[Event "57th ch-RUS Qualifier"]
[Site "Tomsk RUS"]
[Date "2004.05.26"]
[Round "4"]
[White "Iskusnyh,S"]
[Black "Frolov,D"]
[Result "1-0"]
[WhiteElo "2507"]
[BlackElo "2401"]

1.d4 d5 2.c4 c6 3.Nc3 Nf6 4.e3 e6 5.Nf3 Nbd7 6.Bd3 dxc4 7.Bxc4 b5 8.Bd3 b4
9.Ne4 Be7 10.Nxf6+ Nxf6 11.e4 h6 12.O-O Qb6 13.Be3 Ng4 14.Bf4 Nf6 15.Ne5 O-O
16.Rc1 c5 17.Qf3 cxd4 18.Nc6 Bc5 19.e5 Nd5 20.Qe4 g6 21.Bxh6 Qxc6 22.Qg4 Ne7
23.Qg5  1-0

[Event "57th ch-RUS Qualifier"]
[Site "Tomsk RUS"]
[Date "2004.05.27"]
[Round "5"]
[White "Belozerov,A"]
[Black "Lastin,A"]
[Result "1-0"]
[WhiteElo "2552"]
[BlackElo "2622"]

1.d4 d5 2.c4 c6 3.Nc3 Nf6 4.e3 e6 5.Nf3 Nbd7 6.Bd3 dxc4 7.Bxc4 b5 8.Be2 b4
9.Na4 Be7 10.O-O O-O 11.a3 bxa3 12.b3 a5 13.Bxa3 Bxa3 14.Rxa3 Qe7 15.Qa1 c5
16.Nxc5 Nxc5 17.dxc5 Qxc5 18.Rc1 Qb4 19.Rc4 Qb8 20.Rc5 Bd7 21.Ne5 Be8 22.Bf3 Ra6
23.h3 Qb4 24.Rc4 Qb6 25.Nc6 Nd5 26.Bxd5 exd5 27.Ne7+ Kh8 28.Nxd5 Qb7 29.Rxa5 Bb5
30.Rg4 f6 31.Rxa6 Bxa6 32.Rd4 Bb5 33.Qa3 Rc8 34.Qd6 Be8  1-0

[Event "I Andbanc Quad"]
[Site "Andorra la Vella AND"]
[Date "2004.05.29"]
[Round "1"]
[White "Olaizola Ortega,L"]
[Black "Schartz,A"]
[Result "0-1"]
[WhiteElo "2212"]
[BlackElo "2120"]

1.d4 d5 2.Nf3 Nf6 3.c4 e6 4.Nc3 c6 5.e3 Nbd7 6.Bd3 dxc4 7.Bxc4 b5 8.Bd3 Bb7
9.O-O a6 10.e4 c5 11.d5 Qb6 12.dxe6 fxe6 13.e5 Nd5 14.Ne4 h6 15.a4 O-O-O
16.Qe2 c4 17.Bc2 g5 18.Rd1 Be7 19.Be3 Nxe3 20.fxe3 Nc5 21.axb5 axb5 22.Nc3 Rxd1+
23.Rxd1 Rd8 24.Nd4 Bc6 25.Qg4 Be8 26.Ra1 h5 27.Qf3 g4 28.Ra8+ Kc7 29.Ncxb5+ Bxb5  0-1

[Event "XII Guillermo Garcia Prem I"]
[Site "Santa Clara CUB"]
[Date "2004.05.29"]
[Round "9"]
[White "Arencibia,W"]
[Black "Otero,D"]
[Result "1/2-1/2"]
[WhiteElo "2505"]
[BlackElo "2399"]

1.d4 d5 2.c4 c6 3.Nf3 Nf6 4.Nc3 e6 5.e3 Nbd7 6.Qc2 Bd6 7.Be2 O-O 8.O-O Re8
9.Rd1 Qe7 10.b3 dxc4 11.bxc4 e5 12.a4 e4 13.Nd2 Nf8 14.Qb3  1/2-1/2

[Event "ch-City"]
[Site "Solingen GER"]
[Date "2004.05.29"]
[Round "2"]
[White "Goerke,J"]
[Black "Glaser,A"]
[Result "1-0"]
[WhiteElo "2136"]
[BlackElo "1912"]

1.d4 d5 2.c4 c6 3.e3 Nf6 4.Nc3 e6 5.Nf3 Nbd7 6.Bd3 dxc4 7.Bxc4 b5 8.Bd3 Bb7
9.e4 a6 10.e5 Nd5 11.Nxd5 exd5 12.O-O Be7 13.Bc2 c5 14.e6 fxe6 15.Re1 Nf8
16.Ne5 g6 17.Qf3 Bf6 18.Bg5 Nd7 19.Nxd7 Bxg5 20.Nxc5  1-0

[Event "5th IECC Playoff Qualification"]
[Site "Antalya TUR"]
[Date "2004.05.30"]
[Round "2"]
[White "Sargissian,G"]
[Black "Asrian,K"]
[Result "0-1"]
[WhiteElo "2614"]
[BlackElo "2605"]

1.d4 d5 2.c4 c6 3.Nf3 Nf6 4.Nc3 e6 5.e3 Nbd7 6.Qc2 b6 7.Bd3 Bb7 8.O-O Bd6
9.b3 O-O 10.Bb2 Qe7 11.Rac1 h6 12.cxd5 exd5 13.Nh4 Bb4 14.Nf5 Qe6 15.Ne2 Bd6
16.Nf4 Bxf4 17.exf4 Rfe8 18.f3 Nf8 19.Qf2 Ng6 20.Rce1 Qd7 21.Qg3 Rxe1 22.Rxe1 Re8
23.Re5 Kh8 24.Nxg7 Kxg7 25.f5 Nh5 26.Qh3 Ngf4 27.Qg4+ Kh8 28.g3 Rg8 29.Qh4 f6
30.Kf1 Qg7 31.Bc2 fxe5 32.dxe5 Ba6+ 33.Kf2 Bd3 34.f6 Qf8 35.e6 Qc5+ 36.Ke1 Qe3+  0-1

[Event "57th ch-RUS Qualifier"]
[Site "Tomsk RUS"]
[Date "2004.05.30"]
[Round "8"]
[White "Yagupov,I"]
[Black "Novikov,Ma"]
[Result "1/2-1/2"]
[WhiteElo "2441"]
[BlackElo "2426"]

1.Nf3 d5 2.c4 e6 3.d4 Nf6 4.Nc3 c6 5.e3 Nbd7 6.Qc2 Bd6 7.b3 O-O 8.Be2 b6
9.O-O Bb7 10.Bb2 Qe7 11.Rfd1 Rad8 12.Rac1 a6 13.Qb1  1/2-1/2

[Event "57th ch-RUS Qualifier"]
[Site "Tomsk RUS"]
[Date "2004.05.30"]
[Round "8"]
[White "Rustemov,A"]
[Black "Bocharov,D"]
[Result "1-0"]
[WhiteElo "2593"]
[BlackElo "2567"]

1.d4 d5 2.c4 c6 3.Nc3 Nf6 4.e3 e6 5.Nf3 Nbd7 6.Qc2 Bd6 7.g4 dxc4 8.Bxc4 Qe7
9.e4 e5 10.g5 Nh5 11.Be3 g6 12.Be2 exd4 13.Nxd4 Nf4 14.O-O-O Ng2 15.Bd2 Nc5
16.Bf1 Nh4 17.Be3 Bg4 18.Be2 Bxe2 19.Qxe2 Ng2 20.e5 Bxe5 21.Nxc6 bxc6 22.Bxc5 Qxg5+
23.Rd2 Rd8 24.Rd1 Rxd2 25.Rxd2 f6 26.Qd3 Kf7 27.Qd7+ Kg8 28.Qe7 h5 29.Kc2 Ne1+
30.Kd1  1-0

[Event "ch-City"]
[Site "Solingen GER"]
[Date "2004.05.31"]
[Round "6"]
[White "Moeller,D"]
[Black "Glaser,A"]
[Result "0-1"]
[WhiteElo "2176"]
[BlackElo "1912"]

1.d4 d5 2.c4 c6 3.e3 Nf6 4.Nc3 e6 5.Nf3 Nbd7 6.a3 Bd6 7.Bd3 dxc4 8.Bxc4 b5
9.Bb3 O-O 10.O-O a6 11.e4 e5 12.Bg5 Qc7 13.d5 c5 14.Rc1 h6 15.Bh4 Be7 16.Re1 Qd6
17.h3 Ne8 18.Bg3 Qf6 19.Qd2 Bd6 20.Re3 c4 21.Ba2 Bc5 22.Re2 Nd6 23.h4 Re8
24.h5 Nf8 25.Bh4 g5 26.hxg6 Qxg6 27.g3 Bg4 28.Kg2 Qh5 29.Re3 Bxe3 30.Qxe3 Bxf3+
31.Qxf3 Qxf3+ 32.Kxf3 Nd7 33.g4 f6 34.Bb1 Nc5 35.Ke3 Kg7 36.Rf1 Rf8 37.f4 exf4+
38.Kd4 Nb3+  0-1

[Event "57th ch-RUS Qualifier"]
[Site "Tomsk RUS"]
[Date "2004.05.31"]
[Round "9"]
[White "Kharlov,A"]
[Black "Filippov,Va"]
[Result "1/2-1/2"]
[WhiteElo "2593"]
[BlackElo "2639"]

1.d4 d5 2.c4 c6 3.Nf3 Nf6 4.Nc3 e6 5.e3 Nbd7 6.Bd3 dxc4 7.Bxc4 b5 8.Bd3 b4
9.Ne4 Nxe4 10.Bxe4 Bb7 11.a3  1/2-1/2

[Event "TCh-BIH"]
[Site "Neum BIH"]
[Date "2004.06.01"]
[Round "4"]
[White "Jakovljevic,Vlado"]
[Black "Feletar,D"]
[Result "1/2-1/2"]
[WhiteElo "2426"]
[BlackElo "2395"]

1.Nf3 d5 2.d4 Nf6 3.c4 e6 4.Nc3 c6 5.e3 Nbd7 6.Bd3 dxc4 7.Bxc4 b5 8.Bd3 Bb7
9.O-O a6 10.e4 c5 11.d5 c4 12.Bc2 Qc7 13.dxe6 fxe6 14.Ng5 Nc5 15.e5 Qc6 16.f3 Nfd7
17.Qe2 Nd3 18.Bxd3 cxd3 19.Qxd3 b4 20.Nce4 Nxe5 21.Qe2 h6 22.Nh3 Be7 23.Bf4 Qc4
24.Rfe1 Qxe2 25.Rxe2 Nf7 26.Rd1  1/2-1/2

[Event "TCh-BIH"]
[Site "Neum BIH"]
[Date "2004.06.02"]
[Round "5"]
[White "Kosic,D"]
[Black "Ribli,Z"]
[Result "1/2-1/2"]
[WhiteElo "2501"]
[BlackElo "2595"]

1.Nf3 Nf6 2.d4 d5 3.c4 c6 4.e3 e6 5.Nc3 Nbd7 6.Bd3 dxc4 7.Bxc4 b5 8.Be2 Bb7
9.e4 b4 10.e5 bxc3 11.exf6 Nxf6 12.bxc3 Bd6  1/2-1/2

[Event "TCh-BIH"]
[Site "Neum BIH"]
[Date "2004.06.02"]
[Round "5"]
[White "Drasko,M"]
[Black "Bogut,Z"]
[Result "0-1"]
[WhiteElo "2464"]
[BlackElo "2400"]

1.d4 d5 2.c4 e6 3.Nc3 c6 4.e3 Nf6 5.Nf3 Nbd7 6.Qc2 Bd6 7.b3 O-O 8.Be2 a6
9.O-O e5 10.cxd5 cxd5 11.dxe5 Nxe5 12.Bb2 Be6 13.Rad1 Rc8 14.Qb1 Qc7 15.h3 Rfd8
16.Nd4 Bb4 17.Rc1 Qa5 18.Qa1 Bd7 19.a3 Be7 20.Rfd1 Qb6 21.b4 a5 22.b5 Qa7
23.Nf3 Nxf3+ 24.Bxf3 Be6 25.Nxd5 Nxd5 26.Rxc8 Bxc8 27.Rxd5 Rxd5 28.Bxd5 Qc5
29.Qa2 Qxb5 30.Bxf7+ Kf8 31.Bd5 Bd7 32.Bd4 a4 33.Bc4 Qg5 34.f4 Qg3 35.Bg8 Qg6
36.Kh2 Bh4 37.Bc5+ Ke8 38.g4 h5 39.f5 Bxf5 40.Qd5 hxg4 41.Qxb7  0-1

[Event "XII Guillermo Garcia Prem I"]
[Site "Santa Clara CUB"]
[Date "2004.06.02"]
[Round "12"]
[White "Otero,D"]
[Black "Rodriguez Guerrero,E"]
[Result "1-0"]
[WhiteElo "2399"]
[BlackElo "2407"]

1.d4 d5 2.c4 c6 3.Nf3 Nf6 4.Nc3 e6 5.e3 Nbd7 6.Qc2 Bd6 7.b3 O-O 8.Bb2 e5
9.O-O-O e4 10.Nd2 Ng4 11.Ndb1 Qg5 12.h3 Ngf6 13.g4 Qh4 14.Bg2 Re8 15.Rdf1 a6
16.Nd2 Qh6 17.Kb1 Nf8 18.f4 exf3 19.Nxf3 Qg6 20.Ne5 Qxc2+ 21.Kxc2 Bxe5 22.dxe5 Rxe5
23.Nxd5 Nxd5 24.Bxd5 Re7 25.Ba3 Rc7 26.Bxf7+ Rxf7 27.Rxf7 Kxf7 28.Rf1+ Kg6
29.Rxf8 b6 30.Bd6 Bb7 31.Rxa8 Bxa8 32.Bc7 h5 33.gxh5+ Kxh5 34.Bxb6 Kh4 35.Kc3 Kxh3
36.Kb4 g5 37.Ka5 Bb7 38.Bc5 Kg2 39.e4 Kf3 40.e5 Bc8 41.Kb6 Ke4 42.Kc7 Be6
43.Kd6 Kf5 44.a4 g4 45.Bf2 Bg8 46.Bg3 Ke4 47.e6 Kd4 48.e7 Bf7 49.Kxc6 Kc3
50.Kd6 Kb4 51.c5 Be8 52.c6  1-0

[Event "TCh-BIH"]
[Site "Neum BIH"]
[Date "2004.06.03"]
[Round "6"]
[White "Kozul,Z"]
[Black "Bilobrk,F"]
[Result "1-0"]
[WhiteElo "2627"]
[BlackElo "2338"]

1.d4 d5 2.c4 e6 3.Nc3 c6 4.Nf3 Nf6 5.e3 Nbd7 6.Bd3 dxc4 7.Bxc4 b5 8.Bd3 a6
9.e4 c5 10.d5 c4 11.Bc2 Qc7 12.O-O Bb7 13.dxe6 fxe6 14.Nd4 Nc5 15.Qe2 Bd6
16.f4 e5 17.Ndxb5 axb5 18.Nxb5 Qb6 19.Nxd6+ Qxd6 20.fxe5 Qxe5 21.Rf5 Qc7
22.Qxc4 Rc8 23.Bf4 Qc6 24.Re5+ Kf8 25.Rxc5  1-0

[Event "3rd ACP Blitz Prelim4"]
[Site "playchess.com INT"]
[Date "2004.06.03"]
[Round "12"]
[White "Lautier,J"]
[Black "Shabalov,A"]
[Result "0-1"]
[WhiteElo "2680"]
[BlackElo "2624"]

1.d4 d5 2.c4 c6 3.Nc3 Nf6 4.e3 e6 5.Nf3 Nbd7 6.Bd3 dxc4 7.Bxc4 b5 8.Bd3 Bb7
9.e4 b4 10.Na4 c5 11.e5 Nd5 12.O-O h6 13.Re1 a6 14.Bd2 Be7 15.Rc1 Rc8 16.Qe2 Qa5
17.b3 Rd8 18.Qe4 cxd4 19.Qg4 Kf8 20.Nxd4 h5 21.Qf3 Kg8 22.Qh3 Nf8 23.Nc6 Bxc6
24.Rxc6 Nc3 25.Nxc3 bxc3 26.Bxc3 Qxa2 27.Bc4 Qc2 28.Qf3 h4 29.h3 g6 30.Rxa6 Rh5
31.Ra7 Rf5 32.Qe3 Bg5 33.Qb6 Qxc3 34.Rf1 Rd2 35.Ra8 Rdxf2 36.Rxf2 Qe1+ 37.Bf1 Rxf2  0-1

[Event "TCh-BIH"]
[Site "Neum BIH"]
[Date "2004.06.04"]
[Round "7"]
[White "Ivanisevic,I"]
[Black "Markus,R"]
[Result "1/2-1/2"]
[WhiteElo "2550"]
[BlackElo "2532"]

1.d4 d5 2.c4 c6 3.Nc3 Nf6 4.Nf3 e6 5.e3 Nbd7 6.Qc2 b6 7.Bd3 Bb7 8.O-O Be7
9.b3 Qc7 10.Bb2 Rd8 11.Rac1 O-O 12.Rfd1 h6 13.Qe2 Rfe8 14.Bb1 Qb8 15.Ne5 dxc4
16.bxc4 Nxe5 17.dxe5 Qxe5 18.Nd5 Qb8 19.Nxe7+ Rxe7 20.Bxf6 gxf6 21.Qg4+ Kh8
22.Qe4 f5 23.Qh4 Red7 24.Qxh6+ Kg8 25.Qg5+ Kf8 26.Rxd7 Rxd7 27.e4 Qd6 28.h4 fxe4
29.Qh6+ Ke7 30.Qg5+ Kf8 31.Qh6+  1/2-1/2

[Event "3rd ACP Blitz Prelim5"]
[Site "playchess.com INT"]
[Date "2004.06.04"]
[Round "3"]
[White "Krush,I"]
[Black "Fridman,D2"]
[Result "0-1"]
[WhiteElo "2465"]
[BlackElo "2594"]

1.d4 d5 2.c4 c6 3.Nf3 Nf6 4.Nc3 e6 5.e3 a6 6.Bd3 dxc4 7.Bxc4 b5 8.Bd3 c5
9.dxc5 Bxc5 10.O-O Bb7 11.e4 Nbd7 12.Qe2 Qb8 13.h3 O-O 14.Be3 Qa7 15.Bxc5 Qxc5
16.Rac1 Rac8 17.a3 Ne5 18.Nxe5 Qxe5 19.f4 Qd4+ 20.Kh2 e5 21.f5 Rfd8 22.Rfd1 Qb6
23.g4 h6 24.h4 h5 25.gxh5 Kh7 26.Rg1 Ng8 27.Rg3 Qh6 28.Rcg1 Nf6 29.Rg5 Rd4
30.Qg2 Rxd3 31.Rxg7+ Kh8 32.Rxf7 Rd2 33.Ne2 Rg8 34.Qf2 Rxg1 35.Kxg1 Bxe4
36.Qa7 Rd1+ 37.Kf2 Ng4+ 38.Kg3 Qe3+ 39.Kxg4 Bf3+ 40.Kg3 Qxa7 41.Rxa7 Bxe2
42.Rxa6 Kg7 43.Re6 Rd5 44.h6+ Kh7 45.Kf2 Bg4 46.Ke3 Bxf5 47.Rf6 e4 48.Kf4 Bg6
49.Re6 Kxh6 50.Rb6 Rh5 51.Ke3 Rxh4 52.Rxb5 Rh3+ 53.Ke2 Bh5+ 54.Ke1 e3 55.Rf5 Rh2
56.b4 Ra2 57.Ra5 Ra1+  0-1

[Event "3rd ACP Blitz Prelim5"]
[Site "playchess.com INT"]
[Date "2004.06.04"]
[Round "21"]
[White "Fridman,D2"]
[Black "Potkin,V"]
[Result "1/2-1/2"]
[WhiteElo "2594"]
[BlackElo "2540"]

1.d4 d5 2.Nf3 Nf6 3.c4 e6 4.Nc3 c6 5.e3 a6 6.c5 b6 7.cxb6 Nbd7 8.Bd3 Nxb6
9.O-O c5 10.dxc5 Bxc5 11.b3 O-O 12.Bb2 Bb7 13.Rc1 Qe7 14.Ne5 Rfc8 15.Ne2 Ba3
16.Qd2 Nbd7 17.Nxd7 Nxd7 18.Nf4 Nf6 19.Rxc8+ Rxc8 20.Rc1 Rxc1+ 21.Qxc1 Bxb2
22.Qxb2 Qc7 23.Qc2 Qd6 24.h3 e5 25.Ne2 g6 26.Nc3 d4 27.exd4 Qxd4 28.Ne2 Qd5
29.f3 h5 30.Kh2 h4 31.Nc3 Qd4 32.Ne4 Bxe4 33.Bxe4 Kg7 34.Qc4 Qf2 35.Qxa6 Nh5
36.Bd3 Nf4 37.Bf1 Qg3+ 38.Kh1 Qf2 39.Qb5 Kh6 40.a4 f5 41.a5 e4 42.fxe4 fxe4
43.Kh2 e3 44.Qe5 e2 45.Qh8+ Kg5 46.Qe5+ Kh6 47.Qh8+ Kg5 48.Qe5+ Kh6  1/2-1/2

[Event "Rapid KO"]
[Site "Leon ESP"]
[Date "2004.06.05"]
[Round "4"]
[White "Radjabov,T"]
[Black "Shirov,A"]
[Result "1/2-1/2"]
[WhiteElo "2670"]
[BlackElo "2713"]

1.d4 d5 2.c4 c6 3.Nc3 Nf6 4.e3 e6 5.Nf3 Nbd7 6.Qc2 Bd6 7.g4 dxc4 8.Bxc4 e5
9.g5 Nd5 10.Bd2 exd4 11.Nxd4 O-O 12.Nxd5 cxd5 13.Bd3 g6 14.h4 Ne5 15.Bc3 Bg4
16.Be2 Rc8 17.Bxg4 Nxg4 18.Qe2 Qd7 19.h5  1/2-1/2

[Event "FSGM June"]
[Site "Budapest HUN"]
[Date "2004.06.09"]
[Round "5"]
[White "Nagle,S"]
[Black "Muir,A"]
[Result "1/2-1/2"]
[WhiteElo "2375"]
[BlackElo "2335"]

1.d4 d5 2.c4 e6 3.Nc3 c6 4.e3 Nf6 5.Nf3 Nbd7 6.Qc2 Bd6 7.g4 Bb4 8.Bd2 Qe7
9.Bd3 Bxc3 10.Bxc3 dxc4 11.Bxc4 b5 12.Be2 Bb7 13.Rg1 O-O 14.g5 Nd5 15.Rg3 Nxc3
16.Qxc3 b4 17.Qc2 c5 18.Ne5 Rfd8 19.Nxd7 Rxd7 20.Qxc5 Qxc5 21.dxc5 Rc8 22.Rc1 Rdc7
23.Rg4 a5 24.Rd4 g6 25.c6 Rxc6 26.Rdc4 Kf8  1/2-1/2

[Event "CCA/ICC"]
[Site "Stratton Mt USA"]
[Date "2004.06.09"]
[Round "3"]
[White "Perelshteyn,E"]
[Black "Shabalov,A"]
[Result "0-1"]
[WhiteElo "2500"]
[BlackElo "2624"]

1.d4 d5 2.c4 c6 3.Nf3 Nf6 4.e3 e6 5.Nc3 Nbd7 6.Qc2 Bd6 7.g4 dxc4 8.g5 Nd5
9.Bxc4 b6 10.Bd2 Bb7 11.Nxd5 cxd5 12.Bd3 Rc8 13.Qa4 O-O 14.Bb5 a6 15.Bxd7 Rc4
16.Qb3 Qxd7 17.Qxb6 Bc6 18.b3 Rb8 19.Qa5 Rb5 20.Qxa6 Bb7 21.Ne5 Bxe5 22.Qa7 Rc2
23.dxe5 d4 24.e4 Rc8 25.a4 Rxe5 26.f3 Ra8  0-1

[Event "CCA/ICC"]
[Site "Stratton Mt USA"]
[Date "2004.06.10"]
[Round "5"]
[White "Browne,W"]
[Black "Shabalov,A"]
[Result "0-1"]
[WhiteElo "2456"]
[BlackElo "2624"]

1.d4 d5 2.c4 c6 3.Nf3 Nf6 4.Nc3 e6 5.e3 Nbd7 6.Qc2 Bd6 7.g4 dxc4 8.Bxc4 e5
9.g5 Nd5 10.Bxd5 cxd5 11.Nxd5 O-O 12.Bd2 Re8 13.Bb4 Bxb4+ 14.Nxb4 e4 15.Nd2 Nb6
16.a3 Bd7 17.Na2 Ba4 18.Qc5 Rc8 19.Qa5 Rc2 20.b3 Bd7 21.Rg1 Qc7 22.Rg3 Qc6
23.Nb4 Qc3 24.Rd1 Rc8 25.Qxa7 Rxd2 26.Rxd2 Qa1+ 27.Rd1 Rc1 28.Qb8+ Nc8  0-1

[Event "FSGM June"]
[Site "Budapest HUN"]
[Date "2004.06.11"]
[Round "7"]
[White "Almasi,I"]
[Black "Muir,A"]
[Result "1/2-1/2"]
[WhiteElo "2449"]
[BlackElo "2335"]

1.d4 d5 2.c4 e6 3.Nf3 Nf6 4.Nc3 c6 5.e3 Nbd7 6.Bd3 dxc4 7.Bxc4 b5 8.Bd3 Bb7
9.e4 b4 10.Na4 c5 11.e5 Nd5 12.O-O cxd4 13.Nxd4 Nxe5 14.Bb5+ Nd7 15.Re1 Rc8
16.Qh5 g6 17.Qe5 Qf6 18.Nf3 Bg7 19.Bxd7+ Kxd7 20.Qe2 Rc7 21.Qb5+ Kc8 22.Bg5 Qf5
23.Rac1 Kb8 24.Rxc7 Nxc7 25.Qxb4 Ka8 26.Be3 Nd5 27.Qa5 Nxe3 28.Nb6+ Kb8 29.Nd7+ Ka8
30.Nb6+ Kb8 31.Nd7+ Ka8  1/2-1/2

[Event "8th Open"]
[Site "Voronezh RUS"]
[Date "2004.06.12"]
[Round "1"]
[White "Sergienko,S"]
[Black "Matsenko,S"]
[Result "1-0"]
[WhiteElo "2404"]
[BlackElo "2178"]

1.d4 d5 2.c4 c6 3.e3 Nf6 4.Nc3 e6 5.Nf3 Nbd7 6.Qc2 Bd6 7.Be2 O-O 8.O-O dxc4
9.Bxc4 e5 10.a3 Qe7 11.h3 h6 12.Nh4 Nb6 13.Ba2 Be6 14.Nf5 Qd7 15.Bxe6 Qxe6
16.Nxd6 Qxd6 17.dxe5 Qxe5 18.b3 Rfd8 19.Bb2 Qe7 20.Rad1 Rxd1 21.Rxd1 Rd8
22.Ne2 Rxd1+ 23.Qxd1 Nbd5 24.Ng3 Qe6 25.Qd4 b6 26.Qd3 Nd7 27.Nf5 N5f6 28.f3 c5
29.e4 Ne5 30.Qd8+ Kh7 31.Qf8 Nh5 32.Nxg7 Nxg7 33.f4 f6 34.fxe5 fxe5 35.Qb8 Qxb3
36.Qxe5 Qf7 37.Qb8 Ne6 38.Qh8+ Kg6 39.Bc1 Nf4 40.Kh2 Nh5 41.Qxh6+  1-0

[Event "Summer III"]
[Site "Alushta UKR"]
[Date "2004.06.13"]
[Round "9"]
[White "Itkis,B"]
[Black "Tolstikh,N"]
[Result "1/2-1/2"]
[WhiteElo "2436"]
[BlackElo "2425"]

1.d4 d5 2.Nf3 Nf6 3.c4 c6 4.Nc3 e6 5.e3 Nbd7 6.Qc2 Bd6 7.Be2 O-O 8.b3 b6
9.O-O Bb7 10.Bb2 Rc8 11.Rad1 Qe7 12.Rfe1 Rfd8 13.e4 dxe4 14.Nxe4 Nxe4 15.Qxe4  1/2-1/2

[Event "Todd Southam Mem"]
[Site "Toronto CAN"]
[Date "2004.06.13"]
[Round "6"]
[White "Quan Zhe"]
[Black "Krupnov,M"]
[Result "1/2-1/2"]
[WhiteElo "2324"]
[BlackElo "2361"]

1.d4 Nf6 2.c4 c6 3.Nc3 d5 4.e3 e6 5.Nf3 Be7 6.Qc2 O-O 7.b3 c5 8.dxc5 Bxc5
9.Bb2 Nc6 10.Be2 Nb4 11.Qd1 dxc4 12.Bxc4 Qe7 13.O-O Rd8 14.Qe2 a6 15.a3 Nbd5
16.Nxd5 Nxd5 17.b4 Ba7 18.Rfd1 b5 19.Bxd5 exd5 20.h3 Bf5 21.Bd4 Bb8 22.Rac1 Be4
23.Nd2 Qd6 24.g3 Bf5 25.h4 Qg6 26.Re1 Bd6 27.Rc6 Bd7 28.Rb6 Rdb8 29.Rxb8+ Rxb8
30.Rc1 Rc8 31.Rxc8+ Bxc8 32.Qf3 Be6 33.e4 dxe4 34.Nxe4 Be7 35.Nc5 Bc8 36.Qa8 Qg4
37.Nxa6 h5 38.Nc5 Bxh4 39.Qe4  1/2-1/2

[Event "National Open"]
[Site "Las Vegas USA"]
[Date "2004.06.18"]
[Round "2"]
[White "Vigorito,D"]
[Black "Fridman,D2"]
[Result "0-1"]
[WhiteElo "2360"]
[BlackElo "2594"]

1.Nf3 d5 2.d4 Nf6 3.c4 e6 4.Nc3 c6 5.e3 Nbd7 6.Qc2 Bd6 7.Bd3 O-O 8.O-O dxc4
9.Bxc4 b5 10.Be2 Bb7 11.Rd1 Qb8 12.a3 Rc8 13.e4 c5 14.e5 cxd4 15.exf6 dxc3
16.fxg7 cxb2 17.Qxb2 Ne5 18.Be3 Nxf3+ 19.gxf3 Bxh2+ 20.Kg2 Be5 21.Bd4 Rc5
22.Rac1 Bxd4 23.Rxd4 Rg5+ 24.Kh3 Rh5+ 25.Rh4 Rxh4+ 26.Kxh4 Qh2+ 27.Kg4 Qg2+
28.Kf4 e5+ 29.Ke3 Qg5+ 30.Kd3 Rd8+ 31.Kc3 Rc8+  0-1

[Event "National Open"]
[Site "Las Vegas USA"]
[Date "2004.06.19"]
[Round "3"]
[White "Fridman,D2"]
[Black "Sevillano,E"]
[Result "1/2-1/2"]
[WhiteElo "2594"]
[BlackElo "2467"]

1.Nf3 Nf6 2.c4 e6 3.Nc3 d5 4.d4 c6 5.e3 Nbd7 6.Qc2 Bd6 7.b3 O-O 8.Be2 b6
9.O-O Bb7 10.Bb2 Rc8 11.e4 dxe4 12.Nxe4 Nxe4 13.Qxe4 Nf6 14.Qh4 c5 15.dxc5 Bxc5
16.Rad1 Qe7 17.Bd3 h6 18.Ne5 Rfd8 19.Qg3 Nh5 20.Qg4 Qg5 21.Qxg5 hxg5 22.g3 Nf6
23.a3 a5 24.Rfe1 Kf8 25.Bc2 Ke7 26.Bc1 g4 27.Bg5 Bxa3 28.Rxd8 Rxd8 29.Nxg4 Bb2
30.h4 Bc3 31.Rd1 Rxd1+ 32.Bxd1 Bc6 33.Be2 Be4 34.Bd1 Bd3 35.h5 b5 36.cxb5 Bxb5
37.Nxf6 gxf6 38.Bh4 Kf8 39.g4 Kg7 40.Bg3 Bd2 41.Bc7 e5 42.Kg2 Bd3 43.Bd8 Bc3
44.Kf3 Be1 45.Kg2 Bc3 46.Kg3 Be1 47.Be7 Be4 48.Bf3 Bc2 49.Bd5 Bd2 50.f3 a4
51.bxa4 Bxa4 52.Be4 Be3 53.Bb4 Bd7 54.Be7  1/2-1/2

[Event "National Open"]
[Site "Las Vegas USA"]
[Date "2004.06.20"]
[Round "5"]
[White "Shabalov,A"]
[Black "Najer,E"]
[Result "1/2-1/2"]
[WhiteElo "2624"]
[BlackElo "2606"]

1.d4 d5 2.c4 c6 3.Nc3 Nf6 4.e3 e6 5.Nf3 a6 6.b3 Bb4 7.Bd2 O-O 8.Bd3 Nbd7
9.O-O Bd6 10.Qc2 Re8 11.Rfe1 h6 12.h3 e5 13.cxd5 cxd5 14.e4 dxe4 15.Nxe4 Nxe4
16.Bxe4 exd4 17.Nxd4 Nf6 18.Bf3 Be5 19.Bc3 Qb6 20.Rad1 Bd7 21.Qd2 Bc7 22.Bb4 Rxe1+
23.Rxe1 a5 24.Be7 Re8 25.Re2 Bd8 26.Ba3 Rxe2 27.Nxe2 Bc6 28.Bxc6 bxc6 29.Qd6 Ne4
30.Qf4 Nc5 31.Nd4 Bf6 32.Nf5 Ne6 33.Qg4 Kh8 34.Nd6 Kg8 35.Qh5 Qa7 36.Qf3 a4
37.Ne4  1/2-1/2

[Event "National Open"]
[Site "Las Vegas USA"]
[Date "2004.06.20"]
[Round "6"]
[White "Gurevich,D"]
[Black "Lein,A"]
[Result "1/2-1/2"]
[WhiteElo "2497"]
[BlackElo "2375"]

1.d4 d5 2.c4 c6 3.Nf3 Nf6 4.Nc3 e6 5.e3 Nbd7 6.Bd3 Be7 7.O-O O-O 8.e4 dxe4
9.Nxe4 c5 10.Nxc5 Bxc5 11.dxc5 Nxc5 12.Be2 Qxd1 13.Rxd1 b6 14.Be3 Bb7 15.Ne5 Rfd8
16.Bxc5 bxc5 17.Rxd8+ Rxd8 18.Rd1 Rxd1+ 19.Bxd1 Kf8 20.Nd3 Nd7 21.f3 Bc6
22.Kf2 a5 23.a3 Ke7 24.b4 axb4 25.axb4 cxb4 26.Nxb4 Bb7 27.Ke3 Kd6  1/2-1/2

[Event "FIDE WCh KO"]
[Site "Tripoli LBA"]
[Date "2004.06.20"]
[Round "1.2"]
[White "Vasquez,R"]
[Black "Vallejo Pons,F"]
[Result "1/2-1/2"]
[WhiteElo "2523"]
[BlackElo "2666"]

1.d4 d5 2.c4 e6 3.Nf3 Nf6 4.Nc3 c6 5.e3 Nbd7 6.Bd3 dxc4 7.Bxc4 b5 8.Bd3 Bb7
9.e4 b4 10.Na4 c5 11.e5 Nd5 12.O-O cxd4 13.Nxd4 Nxe5 14.Bb5+ Nd7 15.Qh5 Nf6
16.Nxe6 Nxh5 17.Nxd8 Rxd8 18.Re1+ Be7 19.Nc5 Bc8 20.Bg5 f6 21.Bc1 g5 22.Ne6 Kf7
23.Bc4 Kg6 24.Bd3+ Kf7 25.Bc4 Kg6 26.Bd3+ Kh6 27.Nxd8 Bxd8 28.h4 Rf8 29.Bd2 a5
30.Rac1 Nb6 31.Rc6 Kg7 32.hxg5 fxg5 33.Be3 Rf6 34.Bd4 Bd7 35.Rxb6 Bxb6 36.Re7+ Kf8
37.Rxd7 Bxd4 38.Rxd4 Nf4 39.Bc4 Ke7 40.Re4+ Kd6 41.a3 bxa3 42.bxa3 h5 43.f3  1/2-1/2